00518cam a2200193 a 450000500170000002000150001708200220003210000190005424500270007326000350010030000150013550000110015065000170016165000190017865000200019770000190021770000220023685600660025820250916122716.0 a082477875800a547.7 LARb007645 aLars Hernqvist00a Polymorphism of fats  aNew York :bM. Dekker,cc1984. a91bill. ; aThesis 0aFatty acids. 0aOils and fats. 0aCrystal growth.1 aGarti, Nissim,1 aSatò„, Kiyotaka,42uhttp://www.loc.gov/catdir/enhancements/fy0745/88023380-d.html